000 00684nam a22001937a 4500
003 0
005 20230912145154.0
008 230912b xxu||||| |||| 00| 0 eng d
020 _a978-0-367-17445-3
050 _aH 62
_b.M59 2020
245 _aMixed methods social network analysis : theories and methodologies in learning and education
_cedited by Dominik E. Froehlich
260 _aLondon
_bRoutledge
_cc2020.
300 _ax, 280 pages ;
_c23cm.
500 _aSocial sciences--research--methodologies.
504 _aIncludes bibliographical references and index.
650 _aSocial sciences--research--methodologies.
650 _aInternet research.
942 _2lcc
_cBK
999 _c365284
_d365284